[Event "Guernsey Open 2012"]
[Site "?"]
[Date "2012.10.25"]
[Round "5"]
[White "Angermuende, Dirk"]
[Black "Taylor, Robert"]
[Result "0-1"]
[WhiteElo "2033"]
[BlackElo "1920"]
[PlyCount "100"]
[EventDate "2012.10.21"]
[EventType "swiss"]
[SourceDate "2012.10.30"]

1. e4 c5 2. c3 Nf6 3. e5 Nd5 4. d4 cxd4 5. Qxd4 e6 6. Nf3 f5 7. c4 Nc6 8. Qd1
Nc7 9. Nc3 Be7 10. g3 O-O 11. Bg2 Rb8 12. O-O b5 13. cxb5 Nxb5 14. Nxb5 Rxb5
15. Nd4 Nxd4 16. Qxd4 Qc7 17. Re1 Bc5 18. Qc3 Qb6 19. Qf3 Bd4 20. Rb1 Bxe5 21.
a4 Rc5 22. Qd3 Bd4 23. Qxd4 Rxc1 24. Qxb6 Rxe1+ 25. Rxe1 axb6 26. Rc1 Ba6 27.
Bf1 Rc8 28. Rd1 Bxf1 29. Kxf1 d5 30. Rd4 Kf7 31. Rb4 Rc6 32. f4 Ke7 33. Ke2 Kd6
34. Kd3 e5 35. fxe5+ Kxe5 36. Rb5 g5 37. Rb4 f4 38. gxf4+ gxf4 39. Rb5 Rf6 40.
Ke2 Ke4 41. b4 d4 42. Rh5 h6 43. Rh4 Rc6 44. b5 d3+ 45. Kd2 Rg6 46. Rh3 Rg2+
47. Kc3 Rc2+ 48. Kb3 Rc1 49. Rxh6 d2 50. Re6+ Kf5 0-1

[Event "Guernsey Open 2012"]
[Site "?"]
[Date "2012.10.25"]
[Round "5"]
[White "Burton, Ronnie"]
[Black "Glover, John"]
[Result "1-0"]
[WhiteElo "2013"]
[BlackElo "1832"]
[PlyCount "55"]
[EventDate "2012.10.21"]
[EventType "swiss"]
[SourceDate "2012.10.30"]

1. d4 Nf6 2. Nf3 c5 3. e3 e6 4. Nbd2 d5 5. b3 Nbd7 6. Bd3 Be7 7. Bb2 O-O 8. O-O
b6 9. Ne5 Bb7 10. f4 Ne4 11. Ndf3 Rc8 12. c4 f5 13. Nxd7 Qxd7 14. Ne5 Qe8 15.
Rf3 Rf6 16. Rh3 Bd6 17. dxc5 Nxc5 18. Be2 Rf8 19. Qe1 Be7 20. Rd1 Ne4 21. Bh5
Qd8 22. g4 Nf6 23. g5 Ne8 24. Qh4 h6 25. Bg6 Bxg5 26. fxg5 Qxg5+ 27. Qxg5 hxg5
28. Bh7+ 1-0

[Event "Guernsey Open 2012"]
[Site "?"]
[Date "2012.10.25"]
[Round "5"]
[White "Waters, Andrew C"]
[Black "Goris, Ton"]
[Result "0-1"]
[WhiteElo "1938"]
[BlackElo "2029"]
[PlyCount "82"]
[EventDate "2012.10.21"]
[EventType "swiss"]
[SourceDate "2012.10.30"]

1. e4 e6 2. d3 d5 3. Nd2 Nf6 4. Qe2 Be7 5. g3 O-O 6. Bg2 c5 7. Ngf3 Nc6 8. c3
dxe4 9. dxe4 e5 10. O-O Qc7 11. a4 Bg4 12. h3 Be6 13. Ng5 Bd7 14. Nc4 h6 15.
Nf3 Be6 16. Bd2 a6 17. Rad1 b5 18. axb5 axb5 19. Na3 Rxa3 20. bxa3 Bc4 21. Qe1
Ra8 22. Bc1 Bxf1 23. Kxf1 c4 24. Nh4 Bxa3 25. Be3 Rd8 26. Ra1 b4 27. Nf5 Bb2
28. Ra6 Kh7 29. cxb4 c3 30. b5 Nb4 31. Ra7 Qc4+ 32. Kg1 c2 33. Bf3 Nxe4 34. Bc1
Bxc1 35. Qxc1 Nd3 36. Bxe4 Nxc1 37. Nd6+ Qxe4 38. Nxe4 Ne2+ 39. Kf1 c1=Q+ 40.
Kxe2 Qd1+ 41. Ke3 Qd3# 0-1

[Event "Guernsey Open 2012"]
[Site "?"]
[Date "2012.10.25"]
[Round "5"]
[White "Hickman, John"]
[Black "Bolt, Graham"]
[Result "1/2-1/2"]
[WhiteElo "1918"]
[BlackElo "2063"]
[PlyCount "135"]
[EventDate "2012.10.21"]
[EventType "swiss"]
[SourceDate "2012.10.30"]

1. e4 g6 2. d4 Bg7 3. Nc3 d6 4. Be3 a6 5. Nf3 b6 6. Qd2 Bb7 7. Bd3 Nd7 8. O-O-O
c5 9. Kb1 Rc8 10. h4 h5 11. Be2 b5 12. Ng5 Nh6 13. f3 b4 14. Nd5 Bxd5 15. exd5
Nf5 16. Bf4 Nxd4 17. g4 Qa5 18. Qe3 Ne5 19. Bxe5 Bxe5 20. f4 Bg7 21. Rdf1 c4
22. f5 gxf5 23. gxf5 Qxd5 24. f6 Bxf6 25. Rxf6 Qxh1+ 26. Rf1 Qxh4 27. Nxf7 Kd7
28. Nxh8 Nxe2 29. Ng6 Qg4 30. Qxe7+ Kc6 31. Ne5+ dxe5 32. Rf6+ Kd5 33. Qb7+ Kd4
34. Qb6+ Ke4 35. Qb7+ Ke3 36. Rf1 c3 37. Qd5 Qe4 38. Qe6 Rc6 39. Qh3+ Kd4 40.
Qd7+ Kc5 41. Qa7+ Kb5 42. Qb8+ Rb6 43. Qe8+ Kc5 44. Qe7+ Rd6 45. Qa7+ Rb6 46.
Qe7+ Kb5 47. Qe8+ Ka5 48. b3 Rc6 49. Qd8+ Kb5 50. Qb8+ Kc5 51. Qa7+ Rb6 52.
Qe7+ Kb5 53. Qe8+ Rc6 54. Qb8+ Ka5 55. Qd8+ Rb6 56. Qe8 Qc6 57. Qxh5 Nd4 58.
Qxe5+ Nb5 59. a4 bxa3 60. Rf4 Rb7 61. Ra4+ Kb6 62. Qe3+ Kc7 63. Rc4 Qxc4 64.
bxc4 Nd4+ 65. Kc1 a2 66. Qe5+ Kc8 67. Qh8+ Kc7 68. Qe5+ 1/2-1/2

[Event "Guernsey Open 2012"]
[Site "?"]
[Date "2012.10.25"]
[Round "5"]
[White "Westerkamp, Bert"]
[Black "Goris Schouwstra, Adry"]
[Result "1/2-1/2"]
[WhiteElo "2059"]
[BlackElo "1929"]
[PlyCount "81"]
[EventDate "2012.10.21"]
[EventType "swiss"]
[SourceDate "2012.10.30"]

1. Nf3 d5 2. d4 e6 3. c4 Nf6 4. Bg5 Be7 5. e3 h6 6. Bh4 Ne4 7. Bxe7 Qxe7 8. Nc3
Nxc3 9. bxc3 c6 10. Bd3 O-O 11. O-O Nd7 12. Rb1 dxc4 13. Bxc4 b5 14. Bd3 a6 15.
e4 c5 16. Re1 c4 17. Bf1 Nb6 18. Ne5 Bb7 19. Re3 Rad8 20. Qg4 f5 21. Qh5 Qe8
22. Qxe8 Rfxe8 23. exf5 exf5 24. f3 Nd5 25. Kf2 f4 26. Ree1 Nxc3 27. Bxc4+ bxc4
28. Rxb7 Rxd4 29. Rc7 Nd1+ 30. Kg1 c3 31. Nd3 Rxe1+ 32. Nxe1 Ra4 33. Rd7 Ne3
34. Rc7 Rxa2 35. Rxc3 Ra1 36. Rc8+ Kh7 37. Kf2 Ra2+ 38. Kg1 Ra1 39. Kf2 Ra2+
40. Kg1 Ra1 41. Kf2 1/2-1/2

[Event "Guernsey Open 2012"]
[Site "?"]
[Date "2012.10.25"]
[Round "5"]
[White "Staniforth, Matthew"]
[Black "Cummins, John"]
[Result "0-1"]
[WhiteElo "1999"]
[BlackElo "1844"]
[PlyCount "76"]
[EventDate "2012.10.21"]
[EventType "swiss"]
[SourceDate "2012.10.30"]

1. e4 c5 2. Nf3 e6 3. c3 Nc6 4. d4 cxd4 5. cxd4 Nf6 6. e5 Nd5 7. Nc3 Bb4 8. Bd2
Nxc3 9. bxc3 Be7 10. Bd3 d6 11. Qe2 dxe5 12. dxe5 a6 13. O-O Bd7 14. Bf4 Qa5
15. Rac1 Rc8 16. Rfe1 h6 17. Nd4 Nd8 18. Bb1 Ba4 19. Qg4 Kf8 20. Re3 Ba3 21.
Rg3 g5 22. Rf1 Rxc3 23. Be3 Bd7 24. Qh5 Qxe5 25. Nf3 Qc7 26. Bd4 Rc1 27. Bxh8
Rxf1+ 28. Kxf1 Qc1+ 29. Ne1 Qxb1 30. Qxh6+ Ke8 31. Re3 Bb5+ 32. Kg1 Bc5 33. Re5
Bd4 34. Bf6 Kd7 35. Qf8 Bxe5 36. Qxd8+ Kc6 37. Qc8+ Bc7 38. Qe8+ Kd5 0-1

[Event "Guernsey Open 2012"]
[Site "?"]
[Date "2012.10.25"]
[Round "5"]
[White "Gravett, Alan D"]
[Black "Von Saldern, Rudiger"]
[Result "1/2-1/2"]
[WhiteElo "1921"]
[BlackElo "1999"]
[PlyCount "83"]
[EventDate "2012.10.21"]
[EventType "swiss"]
[SourceDate "2012.10.30"]

1. Nf3 d5 2. g3 Bg4 3. Bg2 e6 4. c4 c6 5. cxd5 exd5 6. Ne5 Be6 7. d4 Nd7 8. Nd2
Bd6 9. Ndf3 Ne7 10. O-O O-O 11. e4 Nf6 12. Ng5 Bc8 13. Ngxf7 Rxf7 14. Nxf7 Kxf7
15. e5 Ng6 16. exf6 Qxf6 17. h4 h6 18. Be3 Bd7 19. b4 Rf8 20. b5 Ne7 21. bxc6
Bxc6 22. a4 Kg8 23. Qd3 Kh8 24. Ra2 a6 25. Re1 Nf5 26. h5 Qf7 27. Qe2 Bb4 28.
Rb1 Bd6 29. Rb3 Ne7 30. Bc1 Ng8 31. Rf3 Nf6 32. Re3 Nxh5 33. Re6 Re8 34. Rxe8+
Bxe8 35. Bxd5 Qxd5 36. Qxe8+ Kh7 37. Re2 Bxg3 38. fxg3 Nxg3 39. Rg2 Qxd4+ 40.
Kh2 Qh4+ 41. Kg1 Qd4+ 42. Kh2 1/2-1/2

[Event "Guernsey Open 2012"]
[Site "?"]
[Date "2012.10.25"]
[Round "5"]
[White "Roberts, Malcolm A"]
[Black "Rowe, Peter"]
[Result "1/2-1/2"]
[WhiteElo "1866"]
[BlackElo "1986"]
[PlyCount "66"]
[EventDate "2012.10.21"]
[EventType "swiss"]
[SourceDate "2012.10.30"]

1. e4 d6 2. d4 Nf6 3. Nc3 Nbd7 4. Nf3 e5 5. dxe5 dxe5 6. Bc4 Be7 7. h3 c6 8. a3
a5 9. Be3 Qc7 10. O-O O-O 11. Re1 b5 12. Bb3 Ba6 13. Bd2 Nc5 14. Bg5 Ne8 15.
Qc1 Nd6 16. Qe3 Nxb3 17. cxb3 b4 18. Bxe7 Qxe7 19. Ne2 Nb7 20. Ng3 f6 21. Nf5
Qc5 22. Rac1 Qxe3 23. Rxe3 c5 24. Nd2 Rfd8 25. Ne7+ Kf7 26. Nd5 Rac8 27. Nc4
Bxc4 28. bxc4 Nd6 29. axb4 axb4 30. b3 Ra8 31. f3 Ra6 32. Rd3 Nb7 33. Rcd1 Rdd6
1/2-1/2

[Event "Guernsey Open 2012"]
[Site "?"]
[Date "2012.10.25"]
[Round "5"]
[White "Downey, Keith"]
[Black "Slade, Theodore"]
[Result "0-1"]
[WhiteElo "1957"]
[BlackElo "1716"]
[PlyCount "90"]
[EventDate "2012.10.21"]
[EventType "swiss"]
[SourceDate "2012.10.30"]

1. Nf3 Nf6 2. c4 e6 3. g3 d5 4. d4 dxc4 5. Qa4+ Nbd7 6. Bg2 Be7 7. O-O O-O 8.
Qxc4 c5 9. dxc5 Bxc5 10. Nc3 Qe7 11. Qb3 Nb6 12. Bg5 h6 13. Bxf6 Qxf6 14. Ne4
Qe7 15. Nxc5 Qxc5 16. Rac1 Qa5 17. a3 Rd8 18. Rfd1 Bd7 19. Qa2 Bc6 20. Ne1 Bxg2
21. b4 Bd5 22. bxa5 Bxa2 23. axb6 axb6 24. Rxd8+ Rxd8 25. Rc2 Bd5 26. Rb2 Ra8
27. f3 Rxa3 28. Rxb6 Rb3 29. Rd6 Kf8 30. Rd7 Bc4 31. e4 Rb1 32. Kf2 Rb2+ 33.
Kg1 b5 34. Rc7 Be2 35. Rb7 b4 36. h4 b3 37. Rb8+ Ke7 38. Rb7+ Kf6 39. f4 Kg6
40. Ng2 Bf3 41. f5+ Kf6 42. e5+ Kxe5 43. Rb5+ Ke4 44. Rb4+ Kd3 45. Nf4+ Ke3 0-1

[Event "Guernsey Open 2012"]
[Site "?"]
[Date "2012.10.25"]
[Round "5"]
[White "De Kruif, Kees"]
[Black "Kirk, Matthew"]
[Result "1-0"]
[WhiteElo "1956"]
[BlackElo "1719"]
[PlyCount "47"]
[EventDate "2012.10.21"]
[EventType "swiss"]
[SourceDate "2012.10.30"]

1. b4 e5 2. Bb2 Bxb4 3. Bxe5 Nf6 4. Nc3 Nc6 5. Bxf6 Qxf6 6. Nd5 Qd8 7. Nxb4
Nxb4 8. Nf3 d6 9. e3 Bf5 10. d3 Qf6 11. Nd4 c5 12. Nxf5 Qxa1 13. Qxa1 Nxc2+ 14.
Kd2 Nxa1 15. Be2 O-O 16. Nxd6 Rad8 17. Nxb7 Rb8 18. Bf3 Rxb7 19. Bxb7 Rb8 20.
Rb1 Kf8 21. Kc1 Ke7 22. Bd5 Rd8 23. e4 f5 24. Rxa1 1-0

[Event "Guernsey Open 2012"]
[Site "?"]
[Date "2012.10.25"]
[Round "5"]
[White "Biswas, Karl"]
[Black "Murray, Steve"]
[Result "0-1"]
[WhiteElo "1858"]
[BlackElo "1858"]
[PlyCount "82"]
[EventDate "2012.10.21"]
[EventType "swiss"]
[SourceDate "2012.10.30"]

1. d4 Nf6 2. Nf3 e6 3. c4 d5 4. Nc3 Be7 5. Bf4 O-O 6. h3 c5 7. e3 Nc6 8. Rc1
cxd4 9. exd4 a6 10. cxd5 Nxd5 11. Bg3 Nxc3 12. bxc3 Bd6 13. Bxd6 Qxd6 14. Bd3
b5 15. O-O h6 16. Qe2 Bb7 17. Qe4 g6 18. Qe3 Kg7 19. Rfe1 Rfe8 20. Ne5 Nxe5 21.
Qxe5+ Qxe5 22. Rxe5 Bd5 23. Be4 Bxe4 24. Rxe4 Rac8 25. Re5 Red8 26. Re2 Rxd4
27. Rb2 Rdc4 28. Rb3 b4 29. a4 Rxc3 30. Rbxc3 Rxc3 31. Rb1 a5 32. Kf1 Ra3 33.
Ke2 Rxa4 34. Rb2 Ra3 35. Kd2 b3 36. Kc3 a4 37. Rd2 Ra2 38. Rxa2 bxa2 39. Kb2
Kf6 40. Kxa2 Ke5 41. Ka3 Kd4 0-1

[Event "Guernsey Open 2012"]
[Site "?"]
[Date "2012.10.25"]
[Round "5"]
[White "Kearsley, Raymond J"]
[Black "Dennis, Nigel W"]
[Result "0-1"]
[WhiteElo "1789"]
[BlackElo "1915"]
[PlyCount "74"]
[EventDate "2012.10.21"]
[EventType "swiss"]
[SourceDate "2012.10.30"]

1. e4 c5 2. Nf3 e6 3. d3 d5 4. Nbd2 d4 5. g3 Nc6 6. e5 Nge7 7. Bg2 Ng6 8. Qe2
Qc7 9. Nc4 b5 10. Na3 Rb8 11. Bf4 Nxf4 12. gxf4 a6 13. O-O Ne7 14. Nh4 Ng6 15.
Nxg6 hxg6 16. Rac1 Qe7 17. Nb1 Qh4 18. Bc6+ Bd7 19. Bxd7+ Kxd7 20. f3 Qxf4 21.
c3 Be7 22. Nd2 Bg5 23. Rc2 Qe3+ 24. Qxe3 Bxe3+ 25. Kh1 dxc3 26. bxc3 Bxd2 27.
Rxd2 Kc6 28. d4 cxd4 29. cxd4 Kd5 30. Kg2 Rbc8 31. Re1 Rc4 32. Re4 Rhc8 33. Kf2
Rc2 34. Ke3 Rxd2 35. Kxd2 Rc4 36. Kd3 Ra4 37. Re2 Ra3+ 0-1

[Event "Guernsey Open 2012"]
[Site "?"]
[Date "2012.10.26"]
[Round "6"]
[White "Tischbierek, Raj"]
[Black "Mack, Wolfgang"]
[Result "1/2-1/2"]
[WhiteElo "2468"]
[BlackElo "2283"]
[PlyCount "89"]
[EventDate "2012.10.21"]
[EventType "swiss"]
[SourceDate "2012.10.30"]

1. e4 g6 2. d4 Bg7 3. Nf3 d6 4. Nc3 a6 5. Bc4 e6 6. O-O Ne7 7. Be3 O-O 8. Qd2
b5 9. Bd3 Nd7 10. a4 b4 11. Ne2 a5 12. c3 c5 13. Ng3 Ba6 14. Bxa6 Rxa6 15. Bg5
cxd4 16. Nxd4 bxc3 17. bxc3 Nf6 18. Qe2 Rb6 19. Qf3 Nd7 20. Qe3 Re8 21. Rfd1
Ne5 22. Nb5 h6 23. Bxe7 Rxe7 24. Nf1 Nc4 25. Qe2 Rc6 26. Ne3 Nxe3 27. Qxe3 Rd7
28. Rd3 Qb6 29. Qxb6 Rxb6 30. f4 Rc6 31. Kf2 Rc4 32. Rxd6 Rxd6 33. Nxd6 Rxc3
34. e5 g5 35. g3 f6 36. exf6 Bxf6 37. Rb1 gxf4 38. gxf4 Ra3 39. Rb8+ Kh7 40.
Re8 Bd4+ 41. Kg2 Rxa4 42. Re7+ Kg8 43. Rxe6 Bc5 44. f5 Bxd6 45. Rxd6 1/2-1/2

[Event "Guernsey Open 2012"]
[Site "?"]
[Date "2012.10.26"]
[Round "6"]
[White "Narciso, Marc"]
[Black "Hillarp Persson, Tiger"]
[Result "1-0"]
[WhiteElo "2535"]
[BlackElo "2556"]
[PlyCount "153"]
[EventDate "2012.10.21"]
[EventType "swiss"]
[SourceDate "2012.10.30"]

1. d4 d5 2. c4 c6 3. Nf3 Nf6 4. e3 g6 5. Be2 Bg7 6. O-O O-O 7. Nc3 dxc4 8. Bxc4
Nbd7 9. a4 a5 10. e4 Nb6 11. Bb3 Bg4 12. Be3 e5 13. dxe5 Nfd7 14. h3 Bxf3 15.
Qxf3 Bxe5 16. Qe2 Qe7 17. Qc2 Rae8 18. Rad1 Bg7 19. Rd2 Qb4 20. Rfd1 Nc5 21.
Nd5 Qxb3 22. Nxb6 Qxc2 23. Rxc2 Nxe4 24. Nd7 Nf6 25. Nxf8 Bxf8 26. Bc5 Nd5 27.
Bxf8 Kxf8 28. Rc5 Ra8 29. Re1 Ra6 30. g3 h5 31. Re2 Nb6 32. b3 Nd5 33. h4 Rb6
34. Rb2 Ra6 35. Re2 Rb6 36. Rxa5 Rxb3 37. Ra8+ Kg7 38. a5 Rb5 39. Ra7 c5 40.
Re8 Nb4 41. Re7 Nc6 42. Raxb7 Rxb7 43. Rxb7 Nxa5 44. Rb5 Nc4 45. Rxc5 Nd6 46.
Kg2 Ne4 47. Rc2 Nd6 48. Kf3 Nf5 49. Kf4 Nh6 50. Rc5 Kf6 51. Ra5 Kg7 52. f3 Ng8
53. g4 hxg4 54. fxg4 Nf6 55. g5 Nh5+ 56. Ke5 Kf8 57. Ra8+ Ke7 58. Ra7+ Kf8 59.
Rb7 Ng3 60. Rb3 Nh5 61. Kd6 Nf4 62. Rb8+ Kg7 63. Rb4 Nh5 64. Ke7 f5 65. Ke6 Kg8
66. Rb8+ Kg7 67. Rb7+ Kg8 68. Rf7 Kh8 69. Ke7 Kg8 70. Rf6 Kg7 71. Rf8 f4 72.
Rf7+ Kg8 73. Rf6 Kh7 74. Rf8 Kg7 75. Ke8 Kh7 76. Kf7 Ng3 77. Rg8 1-0

[Event "Guernsey Open 2012"]
[Site "?"]
[Date "2012.10.26"]
[Round "6"]
[White "Godard, Maxence"]
[Black "Hebden, Mark"]
[Result "0-1"]
[WhiteElo "2371"]
[BlackElo "2529"]
[PlyCount "112"]
[EventDate "2012.10.21"]
[EventType "swiss"]
[SourceDate "2012.10.30"]

1. d4 Nf6 2. Nf3 g6 3. c4 Bg7 4. Nc3 O-O 5. e4 d6 6. Be2 e5 7. d5 a5 8. O-O Na6
9. Bg5 h6 10. Bxf6 Qxf6 11. Rb1 Nc5 12. b3 Bd7 13. a3 Qe7 14. Nd2 h5 15. Qc2
Bh6 16. b4 axb4 17. axb4 Na4 18. Ra1 Nxc3 19. Qxc3 f5 20. Bd3 h4 21. h3 Qg5 22.
Nf3 Qf4 23. Qc2 fxe4 24. Bxe4 Bf5 25. Bxf5 gxf5 26. Ra2 Bg7 27. Rfa1 Rxa2 28.
Rxa2 e4 29. Qd2 Qxd2 30. Nxd2 Bc3 31. Nb3 Kf7 32. b5 Kf6 33. Ra7 f4 34. Kf1 f3
35. Ra2 Ke5 36. Rc2 Bb4 37. Nc1 Kd4 38. Na2 Ra8 39. gxf3 exf3 40. Kg1 Ra4 41.
Nxb4 Rxb4 42. Rd2+ Ke4 43. Rd1 Rxc4 44. b6 c5 45. dxc6 Rxc6 46. Re1+ Kf4 47.
Rd1 Rxb6 48. Rd4+ Ke5 49. Rxh4 d5 50. Rh7 d4 51. Rd7 Rd6 52. Re7+ Kd5 53. Rxb7
d3 54. Kh2 d2 55. Rb1 Ke4 56. Rd1 Kd3 0-1

[Event "Guernsey Open 2012"]
[Site "?"]
[Date "2012.10.26"]
[Round "6"]
[White "Brooks, Philip"]
[Black "Dilleigh, Stephen"]
[Result "1/2-1/2"]
[WhiteElo "2230"]
[BlackElo "2099"]
[PlyCount "123"]
[EventDate "2012.10.21"]
[EventType "swiss"]
[SourceDate "2012.10.30"]

1. d4 d5 2. c4 e6 3. Nc3 Nf6 4. Bg5 Be7 5. e3 h6 6. Bh4 O-O 7. cxd5 exd5 8. Bd3
c6 9. Qc2 Nbd7 10. Nge2 Re8 11. Bg3 Nf8 12. O-O Be6 13. Rab1 Nh5 14. b4 Nxg3
15. hxg3 a6 16. Na4 Rc8 17. Nc5 Rc7 18. Rfc1 Bc8 19. a4 Bd6 20. Bf5 Qf6 21.
Bxc8 Rexc8 22. Qb3 Ne6 23. Nd3 Ng5 24. b5 axb5 25. axb5 Ne4 26. Rb2 Qe7 27.
Rbc2 Nf6 28. bxc6 bxc6 29. Nc5 Bxc5 30. Rxc5 Ne4 31. R5c2 Qd6 32. Nf4 Ng5 33.
Nd3 Ne6 34. Qb4 Rd8 35. Qxd6 Rxd6 36. Nb4 Nd8 37. Rc5 Rb7 38. Nxc6 Nxc6 39.
Rxc6 Rxc6 40. Rxc6 Rb1+ 41. Kh2 Rb2 42. f3 Rb3 43. Rc8+ Kh7 44. Re8 Kg6 45. g4
h5 46. Kg3 hxg4 47. Kxg4 f6 48. Kf4 Kf7 49. Rd8 Ke6 50. e4 g5+ 51. Kg4 dxe4 52.
fxe4 Rb4 53. g3 Ke7 54. Rd5 Ke6 55. Kh5 Rb3 56. Ra5 Rxg3 57. Ra6+ Kf7 58. Ra7+
Ke6 59. Kg6 Rg4 60. d5+ Kd6 61. Ra6+ Kd7 62. Rxf6 1/2-1/2

[Event "Guernsey Open 2012"]
[Site "?"]
[Date "2012.10.26"]
[Round "6"]
[White "Burrows, Martin"]
[Black "Broek, Thomas"]
[Result "1/2-1/2"]
[WhiteElo "2108"]
[BlackElo "2217"]
[PlyCount "68"]
[EventDate "2012.10.21"]
[EventType "swiss"]
[SourceDate "2012.10.30"]

1. e4 c5 2. Nf3 Nc6 3. d4 cxd4 4. Nxd4 Nf6 5. Nc3 e5 6. Ndb5 d6 7. Bg5 a6 8.
Na3 b5 9. Nd5 Qa5+ 10. Bd2 Qd8 11. c4 Nxe4 12. cxb5 Be6 13. Bc4 Ne7 14. Be3
Qa5+ 15. Kf1 Rc8 16. f3 Nf5 17. fxe4 Bxd5 18. exf5 Bxc4+ 19. Nxc4 Rxc4 20. bxa6
Qxa6 21. Kf2 Qc8 22. Rf1 Qxf5+ 23. Kg1 Qe4 24. Qb3 Be7 25. Qb8+ Bd8 26. Bb6 O-O
27. Bxd8 Rc2 28. Rf2 Rxf2 29. Kxf2 Qf5+ 30. Kg1 Qd7 31. Qc7 Rxd8 32. Qxd7 Rxd7
33. a4 Kf8 34. a5 Ke8 1/2-1/2

[Event "Guernsey Open 2012"]
[Site "?"]
[Date "2012.10.26"]
[Round "6"]
[White "Morin, Yves"]
[Black "Minnican, Alan"]
[Result "1-0"]
[WhiteElo "2183"]
[BlackElo "2120"]
[PlyCount "105"]
[EventDate "2012.10.21"]
[EventType "swiss"]
[SourceDate "2012.10.30"]

1. e4 e5 2. d3 Nc6 3. Nf3 Nf6 4. Be2 g6 5. Bg5 Bg7 6. Nc3 h6 7. Bxf6 Qxf6 8.
Nd5 Qd8 9. c3 O-O 10. O-O Ne7 11. d4 Nxd5 12. exd5 e4 13. Nd2 f5 14. f4 exf3
15. Nxf3 d6 16. Bd3 Qf6 17. Qb3 b6 18. Rae1 g5 19. Qc4 Qf7 20. Re2 a5 21. Qc6
Ra7 22. Rfe1 Bb7 23. Qa4 Bxd5 24. Re7 Qg6 25. Bc4 Bxc4 26. Qxc4+ Kh8 27. R1e6
Qh5 28. Rxc7 Rxc7 29. Qxc7 g4 30. Ne1 f4 31. Qxd6 f3 32. gxf3 gxf3 33. Kf2 b5
34. Re3 Rf6 35. Qe5 Qh4+ 36. Qg3 Qh5 37. Nxf3 Bf8 38. Re5 Qf7 39. Re2 Bd6 40.
Qh3 Bxh2 41. Qxh2 Rxf3+ 42. Ke1 Kh7 43. Qd6 Rf1+ 44. Kd2 Qxa2 45. Qd7+ Rf7 46.
Qxb5 a4 47. Qd3+ Kg7 48. Rg2+ Kf8 49. Qb5 h5 50. Qb8+ Ke7 51. Qc7+ Ke6 52. Re2+
Kf6 53. Qe5+ 1-0

[Event "Guernsey Open 2012"]
[Site "?"]
[Date "2012.10.26"]
[Round "6"]
[White "Purdon, Colin"]
[Black "Sprotte, Norbert"]
[Result "1-0"]
[WhiteElo "2099"]
[BlackElo "2145"]
[PlyCount "79"]
[EventDate "2012.10.21"]
[EventType "swiss"]
[SourceDate "2012.10.30"]

1. d4 e6 2. c4 Bb4+ 3. Bd2 Qe7 4. Nc3 Nf6 5. e3 O-O 6. Bd3 d6 7. Nge2 e5 8. O-O
a5 9. h3 Nc6 10. a3 Bxc3 11. Bxc3 exd4 12. exd4 d5 13. cxd5 Nxd5 14. Ng3 Nf4
15. Bc2 Qh4 16. Qf3 Be6 17. Nf5 Bxf5 18. Bxf5 Ne6 19. d5 Ncd4 20. Qg4 Nxf5 21.
Qxf5 Qf4 22. Qe5 Qxe5 23. Bxe5 f6 24. Bg3 Nc5 25. Bxc7 Rf7 26. d6 Ne6 27. Rac1
Nxc7 28. Rxc7 Rd8 29. Re1 b5 30. Ree7 Rxe7 31. dxe7 Rd1+ 32. Kh2 Re1 33. Ra7 a4
34. Rb7 Kf7 35. Rxb5 Re4 36. b3 Kxe7 37. b4 Re2 38. Ra5 Kd6 39. f3 h5 40. h4
1-0

[Event "Guernsey Open 2012"]
[Site "?"]
[Date "2012.10.26"]
[Round "6"]
[White "Maloberti, David"]
[Black "Gant, Christopher"]
[Result "0-1"]
[WhiteElo "2045"]
[BlackElo "2170"]
[PlyCount "66"]
[EventDate "2012.10.21"]
[EventType "swiss"]
[SourceDate "2012.10.30"]

1. d4 Nf6 2. c4 g6 3. Nc3 Bg7 4. e4 d6 5. Nf3 O-O 6. Be2 Nbd7 7. O-O e5 8. Bg5
c6 9. Qd2 Re8 10. d5 Nc5 11. Qc2 a5 12. Nd2 h6 13. Be3 Ng4 14. Bxg4 Bxg4 15. f3
Bd7 16. a3 Kh7 17. b4 axb4 18. axb4 Rxa1 19. Rxa1 Na6 20. Qb3 Nb8 21. Ra7 Bc8
22. c5 f5 23. Nc4 dxc5 24. bxc5 cxd5 25. exd5 e4 26. fxe4 fxe4 27. Nd6 Re7 28.
Ncxe4 Bf5 29. Nd2 Nd7 30. Rxb7 Qa8 31. N6c4 Nxc5 32. Bxc5 Rxb7 33. Nb6 Qa1+ 0-1

[Event "Guernsey Open 2012"]
[Site "?"]
[Date "2012.10.26"]
[Round "6"]
[White "Haria, Ravi"]
[Black "Jackson, Oliver A"]
[Result "0-1"]
[WhiteElo "2034"]
[BlackElo "2189"]
[PlyCount "138"]
[EventDate "2012.10.21"]
[EventType "swiss"]
[SourceDate "2012.10.30"]

1. e4 c5 2. Nf3 e6 3. g3 d5 4. exd5 exd5 5. d4 Nf6 6. Bg2 Be7 7. O-O O-O 8.
dxc5 Bxc5 9. Nbd2 Nc6 10. Nb3 Bb6 11. c3 Ne4 12. Nbd4 Bg4 13. Be3 Ne5 14. Qc1
Nc4 15. Bf4 Rc8 16. b3 Ncd6 17. Bxd6 Qxd6 18. Nb5 Qf6 19. Qf4 Qxf4 20. gxf4
Bxf3 21. Bxf3 Nd2 22. Bg4 f5 23. Bxf5 Rxf5 24. Nd6 Rcf8 25. Nxf5 Rxf5 26. Rfd1
Ne4 27. Kg2 Nxc3 28. Rd3 Ne2 29. Rf3 Nxf4+ 30. Kg3 Bc7 31. Kg4 g6 32. Rc3 h5+
33. Kf3 g5 34. Rd1 g4+ 35. Ke3 Ne6 36. Ke2 Bxh2 37. Rc8+ Kf7 38. Ra8 a6 39. Ra7
Nd8 40. Ra8 Ke7 41. Rc1 h4 42. Rcc8 Rf8 43. Rc5 g3 44. fxg3 hxg3 45. Rc7+ Kd6
46. Rg7 Rf2+ 47. Ke3 Rf8 48. Rg6+ Kc5 49. Rc8+ Kb5 50. a4+ Ka5 51. Rc5+ Kb4 52.
Rxd5 Ne6 53. Rg4+ Rf4 54. Rg6 Bg1+ 55. Kd3 Bf2 56. Kc2 Re4 57. Rd2 Nd4+ 58. Kb2
Re2 59. Rxe2 Nxe2 60. Rg4+ Kc5 61. Kc2 Nd4+ 62. Kc3 Be1+ 63. Kb2 Bf2 64. Kc3 a5
65. Rg5+ Kd6 66. b4 Ne6 67. Rg6 Be1+ 68. Kc4 axb4 69. a5 Ke5 0-1

[Event "Guernsey Open 2012"]
[Site "?"]
[Date "2012.10.26"]
[Round "6"]
[White "Goater, Kevin P"]
[Black "Wager, John"]
[Result "1-0"]
[WhiteElo "2147"]
[BlackElo "2023"]
[PlyCount "39"]
[EventDate "2012.10.21"]
[EventType "swiss"]
[SourceDate "2012.10.30"]

1. d4 d5 2. Nf3 Nc6 3. Bf4 Bg4 4. e3 e6 5. c4 Nf6 6. a3 Bd6 7. Bg5 O-O 8. h3
Bh5 9. Nc3 dxc4 10. Bxc4 h6 11. g4 hxg5 12. gxh5 Nh7 13. Rg1 e5 14. Ne4 exd4
15. Nfxg5 Ne5 16. Nxh7 Kxh7 17. exd4 Nxc4 18. Qg4 g6 19. hxg6+ Kg7 20. Qh5 1-0

[Event "Guernsey Open 2012"]
[Site "?"]
[Date "2012.10.26"]
[Round "6"]
[White "Heppell, Ian N"]
[Black "Prins, Jan"]
[Result "1/2-1/2"]
[WhiteElo "2118"]
[BlackElo "2040"]
[PlyCount "73"]
[EventDate "2012.10.21"]
[EventType "swiss"]
[SourceDate "2012.10.30"]

1. e4 c6 2. Nc3 d5 3. Nf3 d4 4. Ne2 c5 5. Ng3 e6 6. c3 Nc6 7. Bb5 Bd7 8. cxd4
Nxd4 9. Nxd4 cxd4 10. Bxd7+ Qxd7 11. d3 h5 12. Nxh5 Qb5 13. Nf4 Rc8 14. Qb3 Rc5
15. Qxb5+ Rxb5 16. b3 Nf6 17. Bd2 Ba3 18. O-O Ng4 19. h3 Ne5 20. Bc1 Bd6 21.
Rd1 g5 22. Ne2 Nc6 23. Bb2 e5 24. Ng3 Kd7 25. Nf5 a5 26. Bc1 f6 27. Bd2 Ba3 28.
Bc1 Bb4 29. Bb2 Ra8 30. Rab1 Rc5 31. Rbc1 Bc3 32. a3 b6 33. Bxc3 dxc3 34. Rc2
Nd4 35. Nxd4 exd4 36. Kf1 Rg8 37. f3 1/2-1/2

[Event "Guernsey Open 2012"]
[Site "?"]
[Date "2012.10.26"]
[Round "6"]
[White "Archer, Richard"]
[Black "Havenaar, Jan"]
[Result "1/2-1/2"]
[WhiteElo "2022"]
[BlackElo "2111"]
[PlyCount "47"]
[EventDate "2012.10.21"]
[EventType "swiss"]
[SourceDate "2012.10.30"]

1. d4 Nf6 2. Nf3 d6 3. Bg5 Nbd7 4. Nbd2 h6 5. Bh4 g5 6. Bg3 Nh5 7. e4 Bg7 8. c3
Nxg3 9. hxg3 b6 10. Bd3 Bb7 11. Nc4 e6 12. Ne3 Nf6 13. Qc2 Qe7 14. O-O-O O-O-O
15. Kb1 Kb8 16. e5 Nd7 17. exd6 cxd6 18. Rhe1 Nf6 19. Nd2 Qc7 20. Ndf1 e5 21.
dxe5 dxe5 22. Nf5 Bf8 23. f3 Bd6 24. Nxd6 1/2-1/2